000 005010000a22001930004500
001 BINCO
003 CO-MdBIC
005 20220324175513.0
008 220324b ||||| |||| 00| 0 eng d
020 _a0590460269
040 _aCO-MdBIC
_bspa.
_cCO-MdBIC
_dCO-MdBIC
082 0 4 _a22
_2813A
_bM36h
100 1 _aMarzollo, Jean
245 1 0 _aHalloween cats
_c/ Jean Marzollo, Hans Wilhelm
260 _aNew York : Scholastic
300 _a30 páginas
650 1 4 _aLiteratura Infantil
942 _cLGB
999 _c47859
_d47859